LEADER 01237nas a2200313 i 4500 001 000000166234 003 CaOOAMICUS 005 20190625123010.0 008 071107b2002 it uu u0 0mul r 013 $a143602 040 $aSeMil$bita 245 10$a[2002 : fascicoli 808-813]. 260 $aMilano :$bScuola Beato Angelico,$ccopyr. 2002. 300 $a496 p. :$bill. ;$c29 cm. 500 $aArticoli con sintesi in inglese o in italiano. 773 0 $tArte Cristiana.$dMilano : Scuola Beato Angelico, 1913.$x0004-3400$w()1923 774 0 $tFascicolo 808.$w()267610 774 0 $tFascicolo 809.$w()267611 774 0 $tFascicolo 810.$w()267612 774 0 $tFascicolo 811.$w()267613 774 0 $tFascicolo 812.$w()267614 774 0 $tFascicolo 813.$w()267615 774 0 $tIndice dei nomi di luogo e di persona dell'annata 2002 (NN. 808-813). - Titolo dalla prima pagina.$w()267616 850 $aSeMil 852 $aSeMil$W1$xVenegono$y1$m212 5 29$j117405$B117405$CSeMilBibl$Z2$F128117 $85 961 $aCambio: Scuola Cattolica 996 $6245$a[2002 : fascicoli 808-813]$9(OLS)http://semarc/title/237442 996 $6260$aMilano :$bScuola Beato Angelico$9(OLS)http://semarc/publisher/30388 LEADER 01414nam a2200289 i 4500 001 000000038580 003 CaOOAMICUS 005 20251125111847.0 008 120227s1915 xx u000 u lat u 013 $a9172 040 $aSeMil$bita 100 0 $aCicero, Marcus Tullius,$d<106-43 a.C.>.$0(OLS)http://semarc/name/659 245 13$aDe finibus bonorum et malorum libri quinque /$crecognovit Th. Schiche. 260 $aLipsiae :$bin aedibus B. G. Teubneri,$c1915. 300 $aXV, 215 p. ;$c18 cm. 490 0 $aBibliotheca scriptorum graecorum et romanorum Teubneriana 700 1 $aSchiche, Theodor.$0(OLS)http://semarc/name/18536 773 0 $aCicero, Marcus Tullius <106-43 a.C.>$tM. Tulli Ciceronis scripta quae manserunt omnia.$bEditio maior.$dLipsiae : in aedibus B. G. Teubneri, [185?]$kBibliotheca scriptorum graecorum et romanorum Teubneriana$g13$w()26342 830 0$aBibliotheca scriptorum graecorum et romanorum Teubneriana.$0(OLS)http://semarc/title/35285 850 $aSeMil 852 $aSeMil$W1$xVenegono$y1$m1X II 223 FA$j4735$B4735$CSeMilBibl$Z2$F4735 $8I 900 0 $aCicerone, Marco Tullio. 961 $aOmaggio: Deposito 996 $6245$aDe finibus bonorum et malorum libri quinque$9(OLS)http://semarc/title/54507 996 $6260$aLipsiae :$bin aedibus B. G. Teubneri$9(OLS)http://semarc/publisher/36792